000 01008nam a22003137a 4500
003 CHAP
005 20220329134205.0
008 971013s r 00010 d
010 _a16706
011 _a17678
035 _a21761
040 _cCHAP
090 _aR-2290
100 0 0 _aHubbeling, N.
_956602
245 _aMutagenic effect of a herbicide on Verticillium dahliae Kleb
500 _aSobretiro de : Mededelingen Faculteit Landbouw. Wetenschappen Gent, 35(2):627-635, 1970
590 _aBATCH-UPD
_b10
_c20130110
_lUCH01
_h0044
590 _aBATCH-UPD
_b10
_c20130110
_lUCH01
_h0908
590 _aBATCH-UPD
_b10
_c20130410
_lUCH01
_h0534
590 _aBATCH-UPD
_b10
_c20130914
_lUCH01
_h0919
590 _aCONVERSION
_b10
_c20130109
_lUCH01
_h1310
650 1 4 _aHerbicidas.
_953691
650 1 4 _aMutación en plantas.
_979907
650 1 4 _aVerticillium dahliae.
_9118969
700 0 _aChaudhary, K. C.
_922022
901 _aBK
942 _cREIMP
949 _aR-2290
_bBC
_cR
_d-50610
_eTS1
_i21761
_si
999 _c16706
_d16706